000 00774nam a22002177a 4500
003 UA-OsUOA
001 96447
007 ta
008 20130319b un ||||| |||| 00| 0 ukr d
100 _aПопова Т.
090 _a81
_bП58
942 _cSA
040 _aUA-OsUOA
_bukr
_cUA-OsUOA
_dUA-OsUOA
245 _aФормування цілісності світогляду школярів у процесі вивчення української мови та літератури
300 _aС.6-26
955 _a0
041 _aukr
080 _a81
773 0 _w96446
_tУкраїнська мова та література
_dК.
_d2013
_g4
650 7 _a8 Мовознавство. Художня література. Літературознавство
_2UDC
999 _c382704
_d382704